000
00313nam a2200121Ia 4500
008
191201s2009 xx 000 0 und d
100
_a
CHAKRAVARTI,Sudeep
245
0
_a
Red Sun: Travels In Naxalite Country
260
_a
N. Delhi
_b
Penguin Book
_c
2009
300
_a
411
650
_a
General Books
942
_2
ddc
_c
BK
999
_c
4393
_d
4393